Observation of the earth and its environment : survey of missions and sensors

Αποθηκεύτηκε σε:
Λεπτομέρειες βιβλιογραφικής εγγραφής
Κύριος συγγραφέας: Kramer, H. J.
Μορφή: Βιβλίο
Γλώσσα:English
Δημοσίευση: Berlin : Springer-Verlag, 1994
Έκδοση:2nd ed.
Θέματα:
Ετικέτες: Προσθήκη ετικέτας
Δεν υπάρχουν, Καταχωρήστε ετικέτα πρώτοι!

MARC

LEADER 00000nam a2200000 i 4500
001 1/100734
008 951009s1994 eng d
020 |a 3-540-57858-7 
035 |1 ΠΑΡ  |a 1997  |l 10011817 
040 |a GR-MY-UA  |b gre  |e aacr 
041 0 |a eng 
082 0 |a 621.3678 
100 1 |a Kramer, H. J. 
245 1 0 |a Observation of the earth and its environment :  |b survey of missions and sensors /  |c H. J. Kramer 
250 |a 2nd ed. 
260 |a Berlin :   |b Springer-Verlag,   |c 1994 
300 |a xxi, 580 σ.;  |b εικ.;  |c 24 εκ. 
500 |a The first edition was published under the title "Earth observation remote sensing" 
504 |a Περιέχει βιβλιογραφικές παραπομπές και ευρετήριο 
650 0 0 |a Remote sensing  |x Equipment and supplies. 
852 |a INST  |b LESVOS  |e 19951009  |h 621.3678 KRA  |p 005100010842  |q 005100010842  |t BK  |y 0 
909 |a Λ  |b 040563 
922 |a 1ΕΛΗ  |b 199504  |c 79/ΧΑΤΖΟΠΟΥΛΟΣ  |d ΚΩΣΤΑΡΑΚΗΣ 
950 |a 079-1995-02-23